Factories and Machinery Act 1967 (Act 139) & regulations and rules : (as at 25th January 1997)

Bibliographic Details
Corporate Author: MALAYSIA
Format: Book
Published: Kuala Lumpur : International Law Book Services , 1997
Series:Laws of Malaysia
Subjects:

MARC

LEADER 00000cam a2200000 7i4500
001 0000000617
005 20001019.0
020 0 0 |a 9678904188 
090 0 0 |a R344.5950465   |b MAL 1997 
110 1 0 |a MALAYSIA 
245 1 0 |a Factories and Machinery Act 1967 (Act 139) & regulations and rules :   |b (as at 25th January 1997)   |c compiled by Legal Research Board 
260 0 0 |a Kuala Lumpur :   |b International Law Book Services ,   |c 1997 
300 |a 381 p. ;   |c 24 cm. 
440 0 0 |a Laws of Malaysia 
650 0 0 |a Factories   |x Safety measures   |z Malaysia 
650 0 0 |a Factory laws and legislation   |z Malaysia 
999 |a 0000001879   |b Monograph   |c Reference   |e Default branch